000
00312nam a22001457a 4500
008
230926b ||||| |||| 00| 0 eng d
020
_a
9780253206299
041
_a
eng
080
_a
101
082
_a
101FON
100
_a
44
101
_a
FILOZ
245
_a
BEYOND METHODOLOGY
_c
FONOW.M.M
942
_2
udc
_c
BK
999
_c
60398
_d
60398